000 00843nam a2200253Ia 4500
003 OSt
005 20220923225811.0
006 a|||||r|||| 00| 0
007 ta
008 220922b |||||||| |||| 00| 0 hin d
020 _c400
024 _a274,777
037 _b139, 04/09/2013, Eastern Book Linkers
_cTextual
040 _aARTS
_cARTS
_bhin
041 _2hin
_ahin
082 _aQ125:26, 152Q1
245 0 _aश्वेताश्वतरोपनिड्ढद्
_b अमरत्व की ओर
246 _aShvetāshvataropaniḍḍhad: amaratva kī ora
260 _aकरनाल
_b अर्पणा प्रकाशन
_c2011
300 _a592पृ.
_ccm.
650 _aधर्म
942 _hQ125:26, 152Q1
_cTEXL
_2CC
999 _c380490
_d380490